|
|
|
|
| LEADER |
00000cam a2200000 7i4500 |
| 001 |
0000003950 |
| 005 |
20190618.0 |
| 008 |
021118s1989 |
| 020 |
|
|
|a 094035539
|
| 090 |
0 |
0 |
|a T385
|b .A436
|
| 100 |
1 |
|
|a Albright, John M. ,
|d 1949- ,
|e author
|
| 245 |
1 |
0 |
|a AutoCAD for architects and engineers :
|b a practical guide to design, presentation, and production
|c by John M. Albright and Elizabeth H. Schaeffer
|
| 260 |
|
|
|a Thousand Oaks, Calif. :
|b New Riders ,
|c c1989
|
| 300 |
|
|
|a 1 v. (various pagings) ;
|c 23 cm.
|
| 504 |
|
|
|a Includes index
|
| 650 |
|
0 |
|a AutoCAD (Computer file)
|
| 700 |
1 |
|
|a Schaeffer, Elizabeth ,
|d 1957- ,
|e author
|
| 999 |
|
|
|a 1000032945
|b Book
|c OPEN SHELF (30 DAYS)
|e Gong Badak Campus
|